000 00252nam a2200109Ia 4500
008 190216s9999||||xx |||||||||||||| ||und||
100 _aKrishnan T N
245 0 _aIndia Sothum Niguthiyum
260 _bBhasha Institute
650 _aCommerce
942 _cBK
999 _c4948
_d4948